Welcome to the Holygrace Academy Library

Please use search bar below to get started

CATHY CASSIDY (Record no. 5747)

MARC details
000 -LEADER
fixed length control field 00470nam a22002057a 4500
020 ## - INTERNATIONAL STANDARD BOOK NUMBER
ISBN 978-0-141-33021-1
082 ## - DEWEY DECIMAL CLASSIFICATION NUMBER
Classification number 823
Item number CAS/L
100 ## - MAIN ENTRY--AUTHOR NAME
Personal name CASSIDY, CATHY
245 ## - TITLE STATEMENT
Title CATHY CASSIDY
246 ## - VARYING FORM OF TITLE
Title proper/short title LUCKY STAR
246 ## - VARYING FORM OF TITLE
Title proper/short title LOVE, PEACE & CHOCOLTE
246 ## - VARYING FORM OF TITLE
Title proper/short title SHINE ON DAIZY STAR
246 ## - VARYING FORM OF TITLE
Title proper/short title INDIGO BLUE
246 ## - VARYING FORM OF TITLE
Title proper/short title DIZZY
260 ## - PUBLICATION, DISTRIBUTION, ETC. (IMPRINT)
Place of publication ENGLAND
Name of publisher PUFFIN BOOKS
Year of publication 2010
300 ## - PHYSICAL DESCRIPTION
Number of Pages 112
520 ## - SUMMARY, ETC.
Summary, etc ENGLISH STORY
650 ## - SUBJECT ADDED ENTRY--TOPICAL TERM
Topical Term ENGLISH STORY
942 ## - ADDED ENTRY ELEMENTS (KOHA)
Koha item type Books
Holdings
Withdrawn status Lost status Collection code Home library Current library Shelving location Date acquired Source of acquisition Full call number Accession Number Koha item type
    Fiction Main Library Main Library SHELF 15-I-CHILDREN'S STORYBOOKS 12/03/2014 Purchase 823 CAS/L 07961 Books
    Fiction Main Library Main Library SHELF 15-I-CHILDREN'S STORYBOOKS 13/03/2014 Purchase 823 CAS/L 07922 Books
    Fiction Main Library Main Library SHELF 15-I-CHILDREN'S STORYBOOKS 23/07/2019 Purchase 823 CAS/L 11515 Books
    Fiction Main Library Main Library SHELF 15-I-CHILDREN'S STORYBOOKS 25/03/2014 Purchase 823 CAS/L 08201 Books
    Fiction Main Library Main Library SHELF 15-I-CHILDREN'S STORYBOOKS 13/03/2014 Purchase 823 CAS/L 07907 Books